Sports Quiz

Random Sports or Baseball Quiz

30 HR MLB Teammates (2000s) Quiz Stats

 Plays Quiz Updated Jul 3, 2014

Support Sporcle.
Go Orange.
Score 0/59 Timer 05:00
2 Plays Today
% Correct
Ryan Howard
92.7%
Ryan Howard
92.7%
Ryan Howard
92.7%
Alex Rodriguez
88.7%
Alex Rodriguez
88.7%
Jeff Bagwell
86.6%
Chase Utley
85.4%
Chase Utley
85.4%
Albert Pujols
85.1%
Andruw Jones
83.2%
Jason Giambi
79.2%
Jason Giambi
79.2%
Todd Helton
78.5%
Paul Konerko
78.2%
Paul Konerko
78.2%
Jimmy Rollins
76.5%
Adam Dunn
70.5%
Carlos Lee
69%
Hanley Ramirez
66.7%
Aramis Ramirez
66.7%
Carlos Delgado
66.5%
Sammy Sosa
66.1%
Troy Glaus
65.7%
Jim Edmonds
64.3%
Derrek Lee
62.4%
Garrett Anderson
61%
Jermaine Dye
59.7%
Jermaine Dye
59.7%
Jim Thome
57.8%
Jim Thome
57.7%
% Correct
Tim Salmon
55.8%
Gary Sheffield
55.3%
Gary Sheffield
55.3%
Gary Sheffield
55.2%
Jayson Werth
53.2%
Miguel Tejada
50.7%
Scott Rolen
49%
Ken Griffey Jr.
47.9%
Javy Lopez
43.6%
Pat Burrell
42.9%
Pat Burrell
42.9%
Eric Chavez
42.4%
Moises Alou
41.1%
Moises Alou
41.1%
Raul Ibanez
40.9%
Dan Uggla
40.2%
Richard Hidalgo
39.1%
Brandon Phillips
35.7%
Hideki Matsui
35.6%
Vinny Castilla
32.9%
Carlos Quentin
24.3%
Tony Batista
22.7%
Mo Vaughn
22.4%
Joe Crede
19.1%
Jose Cruz Jr.
13.4%
Mike Jacobs
9.4%
Jeromy Burnitz
7.8%
Brad Fullmer
6.3%
Jose Valentin
6.2%

You're not logged in!

Compare scores with friends on all Sporcle quizzes.
OR
Log In

From the Vault

Bands and Groups by Image A-Z

by El_Dandy

If you don't do well, you may want to take some notes.
Remove Ads.
Support Sporcle.
Get the best of Sporcle when you Go Orange. This ad-free experience offers more features, more stats, and more fun while also helping to support Sporcle. Thank you for becoming a member.

Show Comments

Extras

Top Quizzes Today


Score Distribution

Your Account Isn't Verified!

In order to create a playlist on Sporcle, you need to verify the email address you used during registration. Go to your Sporcle Settings to finish the process.

Report this User

Report this user for behavior that violates our Community Guidelines.

Details: